000 01579nam a2200421 c 4500
999 _c51119
_d51119
001 51119
003 ES-MaCES
005 20191120115538.0
007 cr |||||||||||
008 190204s2018 lu r m000 | eng d
020 _a9789279778773
020 _a9789279778780 (pdf)
040 _aES-MaCES
_bspa
_cES-MaCES
245 0 0 _aEmployment and social developments in Europe 2018
_hRecurso electrónico
_cEuropean Commission, Directorate-General for Employment, Social Affairs and Inclusion, Directorate A
260 _aLuxembourg
_bPublications Office of the European Union
_c2018
300 _a1 document pdf
_c(4,96 mb)
504 _aBibliografía
541 _cGratuito
650 4 _amercado de trabajo
_928292
650 4 _aempleo
_928299
650 4 _afuturo del trabajo
_930756
650 4 _acondiciones de trabajo
_928327
650 4 _aconcertación social
_930664
650 4 _aigualdad de oportunidades en el empleo
_930649
650 4 _adesigualdad social
_930789
650 4 _aprotección social
_929076
650 4 _apolítica de empleo
_928300
650 4 _926752
_aUE
650 4 _929020
_apaís de la UE
650 4 _939065
_a2018
650 4 _928986
_ainforme
653 1 0 _aEmpleo
710 2 _92037
_aComisión de las Comunidades Europeas
_bDirección General de Empleo, Asuntos Sociales e Inclusión
787 0 _tEmployment and social developments in Europe 2015
_w(ES-MaCES)47038
856 4 _uhttp://biblioteca.ces.es/repintra/B51119.pdf
_ytexto completo
_z[intranet]
902 _aELE PUB. ELECTRONICA
942 _2CES
_cBK
_h2.1.